"S" Cities by Pictures - Statistics

General Stats
  • This quiz has been taken 581 times
  • The average score is 8 of 12
Answer Stats
Picture Hint Answer % Correct
Sydney
99%
San Francisco
98%
Shanghai
88%
Seattle
87%
Saint Petersburg
82%
Singapore
81%
Stockholm
70%
Saint Louis
63%
Seoul
60%
Seville
51%
Strasbourg
29%
Santo Domingo
20%
No matching quizzes found
Score Distribution
Percent of People with Each Score
Percentile by Number Answered
Your Score History
You have not taken this quiz